000 01008cam a22002771 4500
001 2457
003 BD-RjUL
005 20211208233545.0
008 131211s1961 iaua b s100 0 eng
035 _a(BD-RjUL)2484
035 _a(OCoLC)230918
040 _aDLC
_cODaWU
_dOCoLC
_dDLC
_dBD-RjUL
_beng
041 _aeng
082 0 4 _a332.710973
_221
_bCAP 1961
111 2 _aSymposium on Capital and Credit Needs in a Changing Agriculture
_d(1960 :
_cKnoxville, Tenn.)
_9116914
245 1 0 _aCapital and credit needs in a changing agriculture /
_cEdited by E. L. Baum, Howard G. Diesslin [and] Earl O. Heady.
260 _aAmes :
_bIowa State University Press,
_cc1961.
300 _axix, 406 p. :
_bdiagrs., tables. ;
_c24 cm.
504 _aBibliographical footnotes.
650 0 _aAgricultural credit
_zUnited States.
_97426
650 0 _aAgriculture
_xEconomic aspects
_zUnited States.
_97960
700 1 _aBaum, E. L.,
_eed.
_97961
942 _2ddc
_cBK
999 _c2457
_d2457